Historias de mujeres en la madurez: aprendiendo a escuchar, escuchando para aprender /
Zapisane w:
| 1. autor: | |
|---|---|
| Format: | Texto |
| Hasła przedmiotowe: | |
| Etykiety: |
Dodaj etykietę
Nie ma etykietki, Dołącz pierwszą etykiete!
|
MARC
| LEADER | 00000 a a2200000 04500 | ||
|---|---|---|---|
| 001 | 4585 | ||
| 003 | |||
| 040 | |||
| 100 | |a Breen, Mary J. | ||
| 245 | |a Historias de mujeres en la madurez: |b aprendiendo a escuchar, escuchando para aprender / |c Mary J. Breen | ||
| 650 | |a SALUD DE LA MUJER | ||
| 650 | |a ROL DE LA MUJER | ||
| 650 | |a CALIDAD DE LA VIDA | ||
| 650 | |2 Macrothesaurus de la OCDE | ||
| 650 | |a RELACIONES HUMANAS | ||
| 773 | |g número 4; páginas 25-32 | ||
| 999 | |c 22220 |d 22220 | ||
